Statistiken für Die kleinsten Länder der Welt

Klicken Sie hier um das Quiz zu spielen!

Allgemein

  • Dieses Quiz wurde 327 mal gespielt
  • Das Durchschnittsergebnis liegt bei 18 aus 25

Antwortstatistiken

FlächeLandKontinent% Korrekt
0,44 km²VatikanstadtEuropa
98%
160,5 km²LiechtensteinEuropa
96%
2,08 km²MonacoEuropa
94%
468 km²AndorraEuropa
93%
61,19 km²San MarinoEuropa
92%
316 km²MaltaEuropa
79%
261 km²St. Kitts und NevisNordamerika
76%
459 km²PalauOzeanien
75%
346 km²St. Vincent u. die GrenadinenNordamerika
75%
616 km²St. LuciaNordamerika
73%
25,66 km²TuvaluOzeanien
71%
430 km²BarbadosNordamerika
70%
21,1 km²NauruOzeanien
70%
719 km²SingapurAsien
70%
344 km²GrenadaNordamerika
69%
181,5 km²MarschallinselnOzeanien
69%
702 km²MikronesienOzeanien
68%
747 km²TongaOzeanien
66%
442 km²Antigua und BarbudaNordamerika
65%
455 km²SeychellenAfrika
64%
811 km²KiribatiOzeanien
62%
751 km²DominicaNordamerika
60%
298 km²MaledivenAsien
60%
964 km²Sao Tomé und PríncipeAfrika
60%
760 km²BahrainAsien
43%

Verteilung der Resultate

Perzentil nach korrekt beantworteten Fragen

Anzahl Personen mit jedem Resultat

Ihre Resultats-Entwicklung

Sie haben dieses Quiz noch nicht gespielt